00975nam a2200217 i 4500001000700000003000900007005001700016008004100033080002100074100004700095245010300142260006200245300002100307502003700328594013400365650003400499710005900533852002300592999001900615952012300634189988ES-MaACL20230906223617.0200303s1970 sp |||| | spa d a331.116.3(043.2)1 aTovillas Zorzano, José Julián.916981613aEl convenio colectivo como vehículo de participación / cpor José Julián Tovillas Zorzano. aBarcelona : b[Universidad, Facultad de Derecho], c1970. a13 p. ; c24 cm. aTesis-Univ. Barcelona (Extracto) aPrecede al tít.: Universidad de Barcelona. Secretariado de Publicaciones, Intercambio Científico y Extensión Universitaria. 4aConvenios colectivos.91517602 aUniversidad de Barcelona. bFacultad de Derecho.97147 aES-MaACLjP-1414-8 c189988d189988 00104070aATENEOMbATENEOMcDEPO2d2005-05-22eSCl0oP-1414-8p1201634r2023-02-23 00:00:00w2023-02-23yMONOGRAFIA